| 000 | 00756nam a2200181Ia 4500 | ||
|---|---|---|---|
| 008 | 151202s9999||||xx |||||||||||||| ||und|| | ||
| 082 | _bPNVM-91436 | ||
| 100 | _aमयेकर भालचंद्र | ||
| 245 | _aप्रयोगशाळेशिवाय विज्ञानप्रकल्प | ||
| 260 | _bमनोविकास प्रकाशन | ||
| 260 | _c2015 | ||
| 300 | _a72 | ||
| 600 | _aमयेकर भालचंद्र | ||
| 630 | _aप्रयोगशाळेशिवाय विज्ञानप्रकल्प | ||
| 700 | _aमयेकर भालचंद्र | ||
| 730 | _aप्रयोगशाळेशिवाय विज्ञानप्रकल्प | ||
| 942 | _cBOOK | ||
| 999 |
_c1351116 _d1351113 |
||